| 000 | 00000nam 2200000za 4500 |
| 001 | 9.802283 |
| 003 | CaOODSP |
| 005 | 20221107134947 |
| 007 | cr ||||||||||| |
| 008 | 150406s2015 onc|||||o f|0| 0 fre d |
| 040 | |aCaOODSP|bfre |
| 043 | |an-cn--- |
| 086 | 1 |aYC33-0/412-17F-PDF |
| 110 | 1 |aCanada. |bParlement. |bSénat. |bSous-comité des anciens combattants. |
| 245 | 10|aRapport provisoire sur les blessures de stress opérationnel des anciens combattants du Canada |h[ressource électronique] / |cL'honorable Joseph A. Day, présidente ; l'honorable Carolyn Stewart Olsen, vice-président. |
| 260 | |aOttawa : |bSénat, |c2015. |
| 300 | |avi, 39 p. : |btableaux. |
| 490 | 1 |aRapport du Comité sénatorial permanent de la sécurité nationale et de la défense ; |v[41e législature, 2e session, 17e rapport] |
| 500 | |a Publié aussi en anglais sous le titre: Interim report on the operational stress injuries of Canada’s veterans. |
| 504 | |aComprend des références bibliographiques. |
| 692 | 07|2gccst|aAncien combattant |
| 775 | 08|tInterim report on the operational stress injuries of Canada's veterans |w(CaOODSP)9.802281 |
| 830 | #0|aRapport du Comité sénatorial permanent de la sécurité nationale et de la défense ;|v[41e législature, 2e session, 17e rapport]|w(CaOODSP)9.501649 |
| 856 | 40|qPDF|s448 Ko|uhttps://publications.gc.ca/collections/collection_2015/sen/yc33-0/YC33-0-412-17-fra.pdf|y[41e législature, 2e session, 17e rapport] |